000
00445nam a2200145Ia 4500
008
100204s9999 xx 000 0 und d
082
_b
11128
100
_a
जावडेकर सुबोध
245
_a
आकांत
260
_b
"ग्रंथाली वाचक चळवळ , मुंबई - कुर्ला"
_c
1988
300
_a
102
630
_a
आकांत
730
_a
आकांत
942
_c
BOOK
999
_c
455564
_d
455561